000 00593nam a2200193Ia 4500
003 OSt
005 20200804111118.0
008 190216s9999||||xx |||||||||||||| ||und||
020 _a9780070648241
040 _coclc
082 _a511
_bROS/D
100 _aRosen, Kenneth H
_93935
245 0 _aDiscrete Mathematics & Its Applications With Combinatorics And Graph Theory /
_cKenneth H Rosen
250 _a6th Ed.
260 _bTata Mcgrawhill Publishers,
_aNew Delhi:
_c2008.
300 _a812p
650 _aMathematics
942 _cBK
_2ddc
_h511
_iROS/D
_k511
_mROS/D
999 _c32137
_d32137